[Event "POL-chT3"]
[Site "Jastrzebia Gora POL"]
[Date "2016.09.11"]
[Round "9.36"]
[White "Kubicka, Anna"]
[Black "Pluta, Natalia"]
[Result "1/2-1/2"]
[WhiteElo "2239"]
[BlackElo "1623"]
[EventDate "2016.09.02"]

1.e4 c5 2.Nf3 d6 3.d4 cxd4 4.Nxd4 Nf6 5.f3 g6 6.c4 Bg7 7.Nc3 Nc6 8.Be3 O-O
9.Be2 Re8 10.O-O Nxd4 11.Bxd4 Be6 12.Qd2 Nd7 13.Bf2 a5 14.b3 Nc5 15.Rab1 
Bd7 16.Rfd1 Bc6 17.Nd5 Bxd5 18.Qxd5 Qc7 19.Rdc1 Rec8 20.Bf1 Qc6 21.Qd2 
Rcb8 22.Bh4 Qc7 23.Bg3 Qc6 24.Bf2 Qc7 25.h4 h5 26.Be2 Rd8 27.Kh1 Qc6 28.
Rg1 Kh7 29.Qf4 Rf8 30.g4 Ne6 31.Qd2 Bh6 32.Be3 Bxe3 33.Qxe3 Qc5 34.Qxc5 
dxc5 35.gxh5 gxh5 36.Rbd1 Nf4 37.Rd2 Rad8 38.Rgd1 Rxd2 39.Rxd2 Nxe2 40.
Rxe2 Rd8 41.Kg2 e5 42.f4 f6 43.Rf2 Kg6 44.fxe5 fxe5 45.Rf5 Rd2+ 46.Kg1 
Rd1+ 47.Kg2 Rd2+ 48.Kf1 Rxa2 49.Rxe5 Rb2 50.Rxc5 Rxb3 51.Rg5+ Kf6 52.Rxa5 
Re3 53.Rf5+ Ke6 54.Rxh5 Rxe4 55.c5 Kf6 56.Kg2 Re3 57.Rd5 Rc3 58.Rg5 Rb3 
59.Rg3 Rb4 60.Kh3 Rc4 61.Rg5 Ra4 62.Rd5 Rc4 63.Kg3 Kg6 64.h5+ Kh6 65.Kf3 
Ra4 66.Ke3 Rh4 67.Kd3 Ra4 68.Kc3 Rh4 69.Rd8 Kg7 70.Rd7+ Kf8 71.Rh7 Ke8 72.
h6 Kd8 73.Rh8+ Kc7 74.Kd3 Kc6 75.h7 Kc7 76.Ke3 Rh1 77.Kf4 Rf1+ 78.Kg3 Rh1 
79.c6 Rh6 80.Kf4 Rh1 81.Kf3 Rh6 82.Kg4 Rh1 83.Kf5 Rf1+ 84.Kg4 Rh1 85.Kg5 
Rg1+ 86.Kf6 Rf1+ 87.Kg7 Rg1+ 1/2-1/2

[Event "POL-chT3"]
[Site "Jastrzebia Gora POL"]
[Date "2016.09.11"]
[Round "9.37"]
[White "Helis, Tadeusz"]
[Black "Bartel, Michal"]
[Result "1/2-1/2"]
[WhiteElo "2241"]
[BlackElo "2375"]
[EventDate "2016.09.02"]

1.c4 c5 2.Nc3 Nc6 3.Nf3 e5 4.g3 g6 5.Bg2 Bg7 6.O-O Nge7 7.Ne1 d6 8.Nc2 O-O
9.Ne3 f5 10.d3 g5 11.Ned5 h6 12.e3 Be6 13.f4 Rc8 14.Rb1 Nb4 15.Nxe7+ Qxe7 
16.a3 Nc6 17.b4 b6 18.b5 Nb8 19.Nd5 Qf7 20.g4 gxf4 21.exf4 e4 22.dxe4 fxg4
23.f5 Bxd5 24.exd5 Qh5 25.Bf4 Rxf5 26.Bxd6 Nd7 27.Qe2 Rxf1+ 28.Rxf1 Re8 
29.Qc2 Be5 30.Bxe5 Nxe5 31.Qc3 1/2-1/2

[Event "POL-chT3"]
[Site "Jastrzebia Gora POL"]
[Date "2016.09.11"]
[Round "9.38"]
[White "Mickiewicz, Piotr"]
[Black "Walkusz, Witoslaw"]
[Result "1/2-1/2"]
[WhiteElo "2331"]
[BlackElo "2140"]
[EventDate "2016.09.02"]

1.e4 e5 2.Nf3 Nc6 3.Bc4 Nf6 4.d3 h6 5.c3 a6 6.O-O d6 7.Bb3 Be7 8.Re1 O-O 
9.Nbd2 Re8 10.Nf1 Bf8 11.Ng3 Be6 12.d4 Bg4 13.d5 Ne7 14.h3 Bd7 15.Be3 g6 
16.Qd2 Kh7 17.a4 a5 18.Bc2 Bg7 19.b4 Rf8 20.c4 Nxe4 21.Nxe4 f5 22.bxa5 
fxe4 23.Bxe4 Nf5 24.Qd3 Rxa5 25.Bd2 Rxa4 26.Rxa4 Bxa4 27.g4 Ne7 28.Nh4 Be8
29.Ra1 Kh8 30.Ra7 Nc8 31.Ra8 Qxh4 32.Rxc8 Qxf2+ 33.Kh1 c6 34.Rb8 Qa7 35.
Rd8 cxd5 36.cxd5 Qb6 37.Rc8 Qb5 38.Bxg6 Qxd3 39.Bxd3 Bf7 40.Rxf8+ Bxf8 41.
Be4 Kg7 42.Kg2 h5 43.Kf3 hxg4+ 44.hxg4 Be7 45.Bb4 Kf8 46.Kg3 b5 47.g5 Kg7 
48.Kg4 Bg6 49.Bf5 Bf7 50.Be4 Bg6 51.Bf5 1/2-1/2

[Event "POL-chT3"]
[Site "Jastrzebia Gora POL"]
[Date "2016.09.11"]
[Round "9.39"]
[White "Rawski, Slawomir"]
[Black "Kalinowski, Roman"]
[Result "1/2-1/2"]
[WhiteElo "2175"]
[BlackElo "2162"]
[EventDate "2016.09.02"]

1.d4 e6 2.c4 d5 3.Nc3 c6 4.Qc2 Nf6 5.cxd5 exd5 6.Bg5 Be7 7.e3 O-O 8.Bd3 
Nbd7 9.Nge2 Re8 10.f3 c5 11.Qd2 a6 12.O-O b5 13.Rad1 Qb6 14.Kh1 Bb7 15.Bb1
Rac8 16.Ng3 cxd4 17.exd4 Bd6 18.Nf5 Bf8 19.Ne2 g6 20.Nh6+ Kg7 21.Ng3 Ng8 
22.h4 Nxh6 23.Bxh6+ Kg8 24.h5 Bxh6 25.Qxh6 Qf6 26.hxg6 hxg6 27.Kg1 Qg7 28.
Qxg7+ Kxg7 29.Kf2 Nf8 30.Rc1 Ne6 31.Ne2 Rxc1 32.Rxc1 Rc8 33.Rxc8 Bxc8 34.
a3 Kf6 35.Ke3 Ke7 36.Nf4 Nxf4 37.Kxf4 Kf6 38.b4 g5+ 39.Ke3 Bf5 40.Ba2 Ke6 
41.Bb3 f6 42.a4 Kd6 43.axb5 axb5 44.Bd1 Kc6 45.Be2 Bd7 46.Bd3 Kd6 47.f4 
Ke7 48.Kf2 Kf7 49.Kg3 Kg7 50.Bc2 Kh6 51.Bb3 Be6 52.Bd1 f5 53.Be2 Bd7 54.
Bd3 g4 55.Kh4 Kg6 56.g3 Kh6 1/2-1/2

[Event "POL-chT3"]
[Site "Jastrzebia Gora POL"]
[Date "2016.09.11"]
[Round "9.40"]
[White "Czajkowski, Adam"]
[Black "Cichon, Michal"]
[Result "1-0"]
[WhiteElo "2260"]
[BlackElo "2021"]
[EventDate "2016.09.02"]

1.e4 e5 2.Nf3 Nc6 3.Bb5 d6 4.O-O Be7 5.Re1 Nf6 6.c3 Bg4 7.h3 Bh5 8.d3 O-O 
9.Nbd2 a6 10.Ba4 h6 11.Nf1 Nh7 12.Ng3 Bg6 13.d4 Ng5 14.Bxg5 Bxg5 15.Bxc6 
bxc6 16.dxe5 Bf4 17.exd6 Bxg3 18.fxg3 cxd6 19.Qd4 Re8 20.Rad1 Re6 21.e5 d5
22.Qc5 Qb8 23.b4 Bc2 24.Rd2 Ba4 25.Rde2 Bb5 26.Re3 a5 27.Nd4 Rg6 28.a3 
axb4 29.cxb4 Ba4 30.Nf5 Re6 31.g4 Qa7 32.Qc3 Rae8 33.Nd4 Rg6 34.Kh1 Qd7 
35.Qc5 Qd8 36.Qa7 Qa8 37.Qc5 Qd8 38.Rf1 Qg5 39.Ref3 Qxe5 40.Rxf7 Kh7 41.
Ra7 Bb5 42.Nxb5 Qe2 43.Rc1 cxb5 44.Qxd5 Re5 45.Qf7 Qb2 46.Rf1 Re3 47.Ra8 
Rf6 48.Rxf6 Qxf6 49.Qxf6 gxf6 50.Ra5 Kg6 51.Rxb5 Rxa3 52.Rb8 Rb3 53.b5 Kg5
54.b6 Kf4 55.Kh2 Rb2 56.b7 Rb6 57.h4 Rb5 58.g5 hxg5 59.hxg5 1-0

[Event "POL-chT3"]
[Site "Jastrzebia Gora POL"]
[Date "2016.09.11"]
[Round "9.41"]
[White "Drzazga, Rafal"]
[Black "Barwinski, Dionizy"]
[Result "0-1"]
[WhiteElo "2068"]
[BlackElo "2049"]
[EventDate "2016.09.02"]

1.e4 c6 2.d4 d5 3.exd5 cxd5 4.Bd3 Nf6 5.h3 e6 6.Nf3 Be7 7.O-O O-O 8.c3 b6 
9.Re1 Ba6 10.Bc2 Nc6 11.Nbd2 Na5 12.Ne5 Rc8 13.Ndf3 Nd7 14.Nxd7 Qxd7 15.
Ne5 Qe8 16.Qh5 g6 17.Qf3 f6 18.Ng4 Qd7 19.Bh6 Rf7 20.Bg5 Kg7 21.Bf4 Nc6 
22.Nh6 Rff8 23.Qg3 Nxd4 24.Bb1 Ne2+ 25.Rxe2 Bxe2 26.h4 Rc6 27.Bc2 Bd6 28.
Re1 Bxf4 29.Qxf4 e5 30.Qe3 Ba6 31.f3 d4 32.Qd2 Rd8 33.Ng4 Kh8 34.Ba4 b5 
35.Bb3 dxc3 36.Qxd7 Rxd7 37.bxc3 Kg7 38.Rc1 Rd3 39.Nf2 Rdxc3 40.Rd1 Rc1 
41.g3 Rxd1+ 42.Nxd1 b4 43.Ne3 Rc3 44.Kf2 Bb7 45.Ke2 a5 46.Ba4 Ba6+ 47.Kf2 
Ra3 48.Bb3 a4 0-1

[Event "POL-chT3"]
[Site "Jastrzebia Gora POL"]
[Date "2016.09.11"]
[Round "9.42"]
[White "Sosnowska, Elzbieta"]
[Black "Mikulewicz, Joanna"]
[Result "1/2-1/2"]
[WhiteElo "1867"]
[BlackElo "2075"]
[EventDate "2016.09.02"]

1.e4 c5 2.Nf3 e6 3.d4 cxd4 4.Nxd4 a6 5.Bd3 Qc7 6.O-O Nc6 7.Nxc6 dxc6 8.a4 
e5 9.Qe2 Nf6 10.h3 Bc5 11.Bg5 Qe7 12.Nd2 h6 13.Bh4 g5 14.Bg3 h5 15.Nc4 Nd7
16.Ne3 Nf8 17.Nf5 Qf6 18.c3 Ng6 19.b4 Bb6 20.Bc2 g4 21.h4 Bc7 22.Rfe1 Be6 
23.Rad1 Ne7 24.Nxe7 Kxe7 25.Qe3 Kf8 26.a5 Qe7 27.Rd2 f6 28.Rb1 Kg7 29.f4 
gxf3 30.gxf3 Rh6 31.Kh2 Rg6 32.Rg2 Kh7 33.Rbg1 Rag8 34.Be1 Rxg2+ 35.Rxg2 
Rxg2+ 36.Kxg2 Qg7+ 37.Kh2 Bc8 38.Bd2 Qg6 39.Bb3 f5 40.Qg5 f4 41.Qe7+ Qg7 
42.Qxg7+ Kxg7 43.Kg2 Kf6 44.Bc4 Be6 45.Be2 Kf7 46.Be1 c5 47.Bf2 cxb4 48.
cxb4 Bd6 49.Be1 Ke7 50.Kh2 Bd7 51.Kg2 Be6 52.Kh2 Bd7 53.Kg2 Be6 1/2-1/2

[Event "POL-chT3"]
[Site "Jastrzebia Gora POL"]
[Date "2016.09.11"]
[Round "9.43"]
[White "Stanach, Fabian"]
[Black "Chojnacki, Slawomir"]
[Result "0-1"]
[WhiteElo "2062"]
[BlackElo "2255"]
[EventDate "2016.09.02"]

1.Nf3 d5 2.c4 e6 3.b3 Nf6 4.g3 b6 5.cxd5 exd5 6.Bg2 Bb7 7.O-O Be7 8.Bb2 
O-O 9.d4 Nbd7 10.Nc3 Re8 11.Qc2 a6 12.Rfd1 Bd6 13.a3 Qe7 14.e3 Rad8 15.a4 
Ng4 16.Bc1 Ndf6 17.h3 Nh6 18.Ng5 Ne4 19.Ngxe4 dxe4 20.Bb2 Nf5 21.Qe2 Nh6 
22.Rac1 f5 23.Qh5 Qe6 24.d5 Qf6 25.Qe2 Be5 26.Ba1 Re7 27.Qc4 Nf7 28.Bf1 h5
29.h4 g5 30.d6 cxd6 31.Nd5 Bxd5 32.Bxe5 Nxe5 33.Qxd5+ Kh7 34.hxg5 Qxg5 35.
Be2 h4 36.Kg2 Kg7 37.Rh1 hxg3 38.Rh3 f4 39.exf4 Qxf4 40.Rxg3+ Kf6 41.Rh1 
Rg7 42.Rh3 Rxg3+ 43.Rxg3 a5 44.Qb7 Ng6 45.Rg4 Qe5 46.Qxe4 Qxe4+ 47.Rxe4 d5
48.Rd4 Ke5 49.Rd2 Nf4+ 50.Kg3 Rc8 51.Bd1 d4 52.Kg4 Rg8+ 53.Kf3 Rc8 54.Kg4 
Rc3 55.Rb2 Rc1 56.Rd2 Rc3 57.Rb2 Nd5 58.Re2+ Kd6 59.Rd2 Kc5 60.Kf5 Rc1 61.
Ke5 Nc3 62.Bc2 Re1+ 63.Kf4 Nd5+ 64.Kf3 Nb4 65.Bd3 Nc6 66.Bb5 Nb4 67.Bd3 
Rc1 68.Ke4 Re1+ 69.Kf3 Re5 70.Kf4 Re7 71.Kf3 Rf7+ 72.Ke2 Nd5 73.Bc4 Nc3+ 
74.Ke1 Rf4 75.Kf1 Ne4 76.Re2 Ng3+ 77.Ke1 Nxe2 78.Kxe2 Kb4 79.Kd3 Rxf2 80.
Kxd4 Rb2 81.Kd5 Rxb3 82.Bb5 Rc3 83.Kd4 Rc5 84.Be8 Rc8 85.Bb5 Rd8+ 86.Ke3 
Rd5 87.Bc6 Rc5 88.Bd7 Kc4 89.Ke4 Kb4 90.Kd4 Rc1 91.Bb5 Rd1+ 92.Ke3 Ra1 93.
Bd7 Rxa4 0-1

[Event "POL-chT3"]
[Site "Jastrzebia Gora POL"]
[Date "2016.09.11"]
[Round "9.44"]
[White "Maciol, Ryszard"]
[Black "Kudas, Damian"]
[Result "1/2-1/2"]
[WhiteElo "2130"]
[BlackElo "2135"]
[EventDate "2016.09.02"]

1.d4 d5 2.Nf3 Nf6 3.c4 c6 4.e3 e6 5.Be2 dxc4 6.Bxc4 b5 7.Bd3 a6 8.O-O Nbd7
9.e4 c5 10.e5 Nd5 11.a4 b4 12.Nbd2 Bb7 13.Nb3 cxd4 14.Bd2 Be7 15.Qe2 O-O 
16.Rac1 a5 17.Nfxd4 Qb6 18.Bb5 Nc5 19.Nxc5 Bxc5 20.Nb3 Be7 21.Rc2 Rac8 22.
Rfc1 Rxc2 23.Rxc2 Rd8 24.Qg4 g6 25.h4 h5 26.Qg3 Rc8 27.Rxc8+ Bxc8 28.Bg5 
Ba6 29.Bxa6 Qxa6 30.Bxe7 Nxe7 31.Qg5 Qe2 32.Qxe7 Qd1+ 33.Kh2 Qxb3 34.Qd8+ 
Kg7 35.Qf6+ Kg8 36.Qd8+ Kg7 37.Qf6+ 1/2-1/2

[Event "POL-chT3"]
[Site "Jastrzebia Gora POL"]
[Date "2016.09.11"]
[Round "9.45"]
[White "Adamowicz, Katarzyna"]
[Black "Rzepka, Krzysztof"]
[Result "1-0"]
[WhiteElo "2173"]
[BlackElo "2136"]
[EventDate "2016.09.02"]

1.e4 c5 2.Nf3 d6 3.g3 Nc6 4.Bg2 g6 5.O-O Bg7 6.c3 e5 7.d3 h6 8.a3 Nf6 9.b4
O-O 10.h3 Qe7 11.Be3 b6 12.b5 Nd8 13.c4 Ne6 14.Nc3 Nd4 15.Nd2 a5 16.bxa6 
Rxa6 17.Bxd4 cxd4 18.Nb5 Bb7 19.a4 Rfa8 20.Ra3 Bf8 21.Ra2 Bc6 22.Qc2 Rc8 
23.Rfa1 Qb7 24.Qb1 Nd7 25.Nb3 Nc5 26.Nxc5 dxc5 27.f4 exf4 28.gxf4 Rca8 29.
Qd1 Ra5 30.f5 Qe7 31.fxg6 fxg6 32.Qg4 Kh7 33.e5 Bd7 34.Qg3 Re8 35.Re1 Bg7 
36.Nc7 Rf8 37.e6 Be8 38.Nd5 Qa7 39.Be4 Rxa4 40.Rg2 Ra2 41.Bxg6+ Bxg6 42.
Qxg6+ Kh8 43.e7 Rxg2+ 44.Kxg2 1-0

[Event "POL-chT3"]
[Site "Jastrzebia Gora POL"]
[Date "2016.09.11"]
[Round "9.46"]
[White "Piotrowski, Przemyslaw"]
[Black "Lach, Piotr"]
[Result "1-0"]
[WhiteElo "2252"]
[BlackElo "2135"]
[EventDate "2016.09.02"]

1.d4 Nf6 2.Nf3 d5 3.g3 e6 4.Bg2 c5 5.O-O cxd4 6.Nxd4 Be7 7.c4 dxc4 8.Qa4+ 
Nbd7 9.Rd1 O-O 10.Qxc4 Qa5 11.Nc3 Ne5 12.Qb5 Qxb5 13.Ndxb5 Bd7 14.Bf4 Nc6 
15.Ne4 Nd5 16.Bd6 Bxd6 17.Nexd6 a6 18.Bxd5 exd5 19.Nc7 Rab8 20.Nxd5 Rfd8 
21.Nb6 Be6 22.b3 Kf8 23.Ne4 Nd4 24.e3 Nc2 25.Rac1 Nb4 26.a3 Nd3 27.Rc3 Ne5
28.Rxd8+ Rxd8 29.Ng5 Bg4 30.h3 Bh5 31.g4 Bg6 32.f4 h6 33.fxe5 hxg5 34.Rc7 
Rd1+ 35.Kf2 Rd2+ 36.Kf3 Rh2 37.Nd5 Ke8 38.Rxb7 Rxh3+ 39.Kg2 Rh4 40.Kg3 Rh1
41.e6 fxe6 42.Nc7+ Ke7 43.Nxa6+ Kf6 44.Nc5 Rg1+ 45.Kf2 Rxg4 46.Nd7+ Kf5 
47.Rb5+ Ke4 48.Rb4+ Kf5 49.Rxg4 Kxg4 50.Ne5+ Kf5 51.Nxg6 1-0

[Event "POL-chT3"]
[Site "Jastrzebia Gora POL"]
[Date "2016.09.11"]
[Round "9.47"]
[White "Watorek, Marcin"]
[Black "Czyz, Artur"]
[Result "1/2-1/2"]
[WhiteElo "2111"]
[BlackElo "1924"]
[EventDate "2016.09.02"]

1.d4 Nf6 2.c4 g6 3.Nf3 Bg7 4.Nc3 d6 5.g3 O-O 6.Bg2 Nc6 7.d5 Na5 8.Nd2 Nd7 
9.Qc2 Ne5 10.b3 c5 11.Bb2 a6 12.a4 Bd7 13.h3 f5 14.f4 Nf7 15.O-O e5 16.
dxe6 Bxe6 17.Nd5 Bxd5 18.Bxd5 Nc6 19.e4 Nb4 20.Qb1 Nxd5 21.cxd5 Qd7 22.
Bxg7 Kxg7 23.Qb2+ Kg8 24.Rae1 Nh6 25.Nf3 Rae8 26.Ng5 fxe4 27.g4 Nxg4 28.
hxg4 Qxg4+ 29.Qg2 Rxf4 30.Rxf4 Qxf4 31.Ne6 Qe5 32.Qxe4 Qg3+ 33.Kf1 Re7 34.
Ke2 Qxb3 35.Rf1 Qb2+ 36.Ke3 Qc3+ 37.Ke2 Qb2+ 38.Ke3 Qc3+ 39.Ke2 1/2-1/2

[Event "POL-chT3"]
[Site "Jastrzebia Gora POL"]
[Date "2016.09.11"]
[Round "9.48"]
[White "Zmarzly, Aleksandra"]
[Black "Chrzaszcz, Malvina"]
[Result "0-1"]
[WhiteElo "2011"]
[BlackElo "2050"]
[EventDate "2016.09.02"]

1.d4 d5 2.c4 e6 3.Nc3 c6 4.Nf3 Nf6 5.Bg5 h6 6.Bxf6 Qxf6 7.e3 Nd7 8.Qc2 Bb4
9.cxd5 exd5 10.Bd3 O-O 11.O-O Qd8 12.a3 Bd6 13.b4 Nf6 14.b5 Qa5 15.bxc6 
bxc6 16.Rfc1 Ba6 17.Bxa6 Qxa6 18.Nh4 Rfc8 19.Na4 Nd7 20.Qd1 Bf8 21.Rc3 
Rab8 22.Nf5 g6 23.Ng3 Rb5 24.e4 Ra5 25.Nb2 Bxa3 26.Nd3 Bb2 27.Rxa5 Qxa5 
28.Rb3 Bxd4 29.Rb7 Rc7 30.Rxc7 Qxc7 31.Qc1 Ne5 32.Nxe5 Bxe5 33.Qxh6 Bf4 
34.Qh4 Bxg3 35.hxg3 d4 36.Kf1 c5 37.Qf6 Qb6 38.Qe7 d3 0-1

[Event "POL-chT3"]
[Site "Jastrzebia Gora POL"]
[Date "2016.09.11"]
[Round "9.50"]
[White "Kuciel, Wladyslaw"]
[Black "Puczylowski, Marcin"]
[Result "1/2-1/2"]
[WhiteElo "1928"]
[BlackElo "2101"]
[EventDate "2016.09.02"]

1.d4 d5 2.c4 c6 3.Nf3 Nf6 4.cxd5 cxd5 5.Nc3 Bf5 6.Bf4 e6 7.e3 a6 8.Bd3 
Bxd3 9.Qxd3 Bd6 10.Bxd6 Qxd6 11.O-O O-O 12.Rfc1 Nbd7 13.a3 Rfc8 14.Ne2 Ne4
15.Rxc8+ Rxc8 16.Rc1 Rxc1+ 17.Nxc1 Qb6 18.Qb3 Qxb3 19.Nxb3 Nb6 20.Nbd2 
Nxd2 21.Nxd2 Na4 22.b3 Nc3 23.Kf1 Kf8 24.Ke1 Ke7 25.a4 f6 26.Nf1 Ne4 27.f3
Nd6 28.Kd2 Kd7 29.Kd3 Kc6 30.Nd2 b6 31.g4 1/2-1/2

[Event "POL-chT3"]
[Site "Jastrzebia Gora POL"]
[Date "2016.09.11"]
[Round "9.52"]
[White "Popiol, Michal"]
[Black "Zurkowski, Andrzej"]
[Result "1/2-1/2"]
[WhiteElo "1959"]
[BlackElo "2073"]
[EventDate "2016.09.02"]

1.d4 d5 2.c4 e6 3.Nc3 Nf6 4.Bg5 Be7 5.e3 O-O 6.Nf3 h6 7.Bh4 Nbd7 8.Be2 c6 
9.O-O Ne8 10.Bxe7 Qxe7 11.e4 dxe4 12.Nxe4 e5 13.dxe5 Nxe5 14.Re1 Nf6 15.
Qd6 Qxd6 16.Nxd6 Ng6 17.c5 Nf4 18.Bc4 Be6 19.Bxe6 Nxe6 20.b4 Rab8 21.Rad1 
Nd5 22.Nd4 Nxd4 23.Rxd4 Rfd8 24.g3 Kf8 25.Red1 Nf6 26.h4 Rd7 27.Kg2 Rbd8 
28.Nf5 Rxd4 29.Rxd4 Rxd4 30.Nxd4 Nd5 31.a3 g6 1/2-1/2

[Event "POL-chT3"]
[Site "Jastrzebia Gora POL"]
[Date "2016.09.11"]
[Round "9.53"]
[White "Kasperek, Joanna"]
[Black "Szewczyk, Grzegorz"]
[Result "1/2-1/2"]
[WhiteElo "2049"]
[BlackElo "1953"]
[EventDate "2016.09.02"]

1.e4 e5 2.Nf3 Nc6 3.d4 exd4 4.Nxd4 Nf6 5.Nc3 Bb4 6.Nxc6 bxc6 7.Bd3 d5 8.
exd5 cxd5 9.O-O O-O 10.Bg5 c6 11.Qf3 h6 12.Bxf6 Qxf6 13.Qxf6 gxf6 14.Ne2 
Bd6 15.Nd4 c5 16.Nf5 Bxf5 17.Bxf5 Rfe8 18.Rfe1 Kf8 19.g3 Rxe1+ 20.Rxe1 Re8
21.Rxe8+ Kxe8 22.Kf1 Be5 23.b3 Ke7 24.c4 dxc4 25.bxc4 a5 26.a4 Bc3 27.h3 
Kd6 28.Ke2 Ke5 29.Bd7 f5 30.g4 fxg4 31.hxg4 Kf4 32.f3 1/2-1/2

[Event "POL-chT3"]
[Site "Jastrzebia Gora POL"]
[Date "2016.09.11"]
[Round "9.54"]
[White "Wesolowska, Hanna"]
[Black "Murawko, Katarzyna"]
[Result "1/2-1/2"]
[WhiteElo "1890"]
[BlackElo "2031"]
[EventDate "2016.09.02"]

1.d4 d5 2.Nf3 Nf6 3.Bg5 e6 4.c3 Be7 5.Nbd2 Nbd7 6.Qc2 O-O 7.Bxf6 Nxf6 8.e4
dxe4 9.Nxe4 Nxe4 10.Qxe4 Qd5 11.Qxd5 exd5 12.Bd3 Bd6 13.O-O Re8 14.h3 f6 
15.Rfe1 Bd7 16.Rxe8+ Rxe8 17.Kf1 g6 18.Re1 Rxe1+ 19.Kxe1 Kf7 20.Nd2 b6 21.
Ke2 c6 22.b4 Ke6 23.Nb3 f5 24.a4 Kf6 25.a5 Bc7 26.axb6 axb6 27.Nd2 f4 28.
Kf3 h6 29.Nf1 g5 30.Nh2 h5 31.Ke2 Bd6 32.f3 Bc7 33.Nf1 1/2-1/2

[Event "POL-chT3"]
[Site "Jastrzebia Gora POL"]
[Date "2016.09.11"]
[Round "9.55"]
[White "Dors, Ryszard"]
[Black "Sadowski, Miroslaw"]
[Result "0-1"]
[WhiteElo "2167"]
[BlackElo "2100"]
[EventDate "2016.09.02"]

1.Nf3 Nc6 2.c4 e5 3.Nc3 g6 4.g3 Bg7 5.Bg2 Nge7 6.d3 O-O 7.Bg5 h6 8.Bd2 Nd4
9.Qc1 Nxf3+ 10.Bxf3 Kh7 11.h4 Nc6 12.h5 g5 13.e3 d6 14.Nd5 Kg8 15.Qc2 a5 
16.Bg2 Bg4 17.a3 Re8 18.f3 Bf5 19.O-O-O Bh7 20.Rdf1 f5 21.f4 g4 22.Bc3 Rb8
23.e4 Nd4 24.Qd1 c6 25.Ne3 exf4 26.gxf4 b5 27.Nxf5 Nxf5 28.Qxg4 Kh8 29.
exf5 Bxc3 30.bxc3 Qf6 31.d4 bxc4 32.Bh3 Rb3 33.Kc2 Re3 34.Re1 Rbxc3+ 35.
Kb2 Qxd4 36.Ra1 0-1

[Event "POL-chT3"]
[Site "Jastrzebia Gora POL"]
[Date "2016.09.11"]
[Round "9.56"]
[White "Pazderski, Ziemowit"]
[Black "Janiszewski, Maciej"]
[Result "1-0"]
[WhiteElo "2263"]
[BlackElo "2129"]
[EventDate "2016.09.02"]

1.d4 d5 2.c4 Nc6 3.Nc3 dxc4 4.Nf3 Bg4 5.d5 Bxf3 6.gxf3 Na5 7.Qa4+ c6 8.Bd2
Qc7 9.Ne4 b5 10.Qxa5 Qxa5 11.Bxa5 cxd5 12.Nc3 e6 13.Nxb5 Rb8 14.Nc7+ Kd7 
15.O-O-O Ne7 16.e4 Nc6 17.Na6 Rb5 18.Bc3 Kc8 19.a3 Rb3 20.Kc2 Kb7 21.exd5 
exd5 22.Rxd5 Rxc3+ 23.bxc3 Kxa6 24.Bxc4+ Kb6 25.Rb1+ Kc7 26.Bb5 Nb8 27.Rd4
Bd6 28.Rc4+ Kd8 29.Rd1 Ke7 30.Re4+ 1-0

[Event "POL-chT3"]
[Site "Jastrzebia Gora POL"]
[Date "2016.09.11"]
[Round "9.57"]
[White "Sek, Joachim"]
[Black "Maciaga, Marcin"]
[Result "0-1"]
[WhiteElo "2054"]
[BlackElo "2120"]
[EventDate "2016.09.02"]

1.e4 c5 2.Nc3 g6 3.g3 Bg7 4.Bg2 Nc6 5.d3 d6 6.Be3 Rb8 7.Qd2 b5 8.Nge2 Nd4 
9.O-O b4 10.Nd1 Bg4 11.f3 Bd7 12.c3 Nxe2+ 13.Qxe2 bxc3 14.bxc3 Qa5 15.Qd2 
e5 16.c4 Qxd2 17.Bxd2 Ne7 18.Nc3 Rb2 19.Rf2 O-O 20.Bc1 Rxf2 21.Kxf2 Rb8 
22.Bf1 Nc6 23.Rb1 Rxb1 24.Nxb1 Nb4 25.Nc3 Bf6 26.Be2 Bd8 27.a3 Nc2 28.Bd1 
Nd4 29.Nd5 Bc6 30.Bd2 f5 31.Nc3 Ba5 32.Nb1 Bxd2 33.Nxd2 f4 34.Nb1 Kf7 35.
Nc3 Kf6 36.Kg2 fxg3 37.hxg3 Kg5 38.Kf2 h5 39.Kg2 h4 40.Kh2 hxg3+ 41.Kxg3 
a6 42.Nb1 Ne6 43.Nc3 Nf4 44.Bc2 Nh5+ 45.Kf2 Kh4 46.Ne2 Nf4 47.Ng1 g5 48.
Ne2 Nxe2 49.Kxe2 Kg3 50.Ke3 Be8 51.Bd1 Kg2 52.Bc2 Bd7 53.Bb3 a5 54.Bc2 Kf1
0-1

[Event "POL-chT3"]
[Site "Jastrzebia Gora POL"]
[Date "2016.09.11"]
[Round "9.58"]
[White "Kowalec, Maciej"]
[Black "Panczyszyn, Wiktor"]
[Result "1-0"]
[WhiteElo "2100"]
[BlackElo "1919"]
[EventDate "2016.09.02"]

1.d4 Nf6 2.Nf3 g6 3.c4 Bg7 4.g3 O-O 5.Bg2 d6 6.O-O Nbd7 7.Nc3 e5 8.e3 c6 
9.Qc2 a6 10.b3 e4 11.Nxe4 Nxe4 12.Qxe4 Nc5 13.Qc2 Bf5 14.Qd2 Ne4 15.Qe2 g5
16.Bb2 Qa5 17.Qe1 Qc7 18.Qc1 Bg6 19.Rd1 f5 20.Nd2 Nf6 21.Re1 Rae8 22.b4 
Rf7 23.a4 Rfe7 24.Nf3 Ne4 25.Qd1 Bh6 26.Qb3 Bf7 27.d5 c5 28.bxc5 dxc5 29.
Red1 Qd6 30.Nd2 Nf6 31.Rab1 Bh5 32.Rdc1 Bg6 33.Bxf6 Qxf6 34.Qb6 Qe5 35.Nf3
Qg7 36.d6 Rd7 37.Qxc5 f4 38.Rb3 fxe3 39.fxe3 Qf6 40.Nd4 g4 41.Rf1 Qxd6 42.
Bd5+ Kh8 43.Qxd6 Rxd6 44.Re1 b6 45.h3 Bg7 46.Nc6 Bc2 47.Rxb6 Bxa4 48.Rxa6 
Bb3 49.e4 gxh3 50.e5 Rh6 51.Kh2 Rf8 52.Re2 Bd1 53.Rd2 Bg4 54.Ra7 Rg6 55.
Be4 Rg5 56.Nd8 Bxe5 57.Nf7+ Rxf7 58.Rxf7 Kg8 59.Ra7 Bf6 60.Rf2 Bd4 61.
Bxh7+ Kh8 62.Rf8+ 1-0

[Event "POL-chT3"]
[Site "Jastrzebia Gora POL"]
[Date "2016.09.11"]
[Round "9.59"]
[White "Matuszczyk, Krystian"]
[Black "Krasiewicz, Robert"]
[Result "1-0"]
[WhiteElo "1853"]
[BlackElo "2097"]
[EventDate "2016.09.02"]

1.d4 Nf6 2.c4 e5 3.dxe5 Ng4 4.Nf3 Bc5 5.e3 Nc6 6.Be2 Ngxe5 7.a3 a5 8.O-O 
O-O 9.Nc3 Re8 10.Nd5 Nxf3+ 11.Bxf3 Ne5 12.Be2 Ra6 13.Bd2 Rh6 14.e4 Rh4 15.
b4 Bd4 16.Bc3 Bxc3 17.Nxc3 Qf6 18.Qc1 g5 19.Qe3 Qh6 20.Qg3 Ng6 21.Nd5 Nf4 
22.Nxf4 Rxf4 23.f3 Qg7 24.Rad1 d6 25.c5 dxc5 26.Rd5 h6 27.bxc5 Be6 28.Rdd1
Qb2 29.Qf2 Bb3 30.Rb1 Qxa3 31.Qe3 a4 32.Bc4 Re5 33.Bxb3 axb3 34.Rfc1 Rf6 
35.Rxb3 Qa7 36.h3 Rc6 37.Rbc3 Ree6 38.Kh2 Ra6 39.Rd1 Ra4 40.Qd3 Qa5 41.
Rdc1 Kg7 42.Rb3 b6 43.Rb5 Qa6 44.cxb6 cxb6 45.Qd7 Ra5 46.Rc7 Rf6 47.e5 Rf4
48.Rxa5 Qxa5 49.Qd6 Qb4 50.Qxb4 Rxb4 51.e6 Rb2 52.Rxf7+ Kg6 53.Rb7 b5 54.
e7 Re2 55.Kg3 b4 56.Rb6+ Kg7 57.Rb7 Kg6 58.h4 b3 59.hxg5 hxg5 60.Kh3 g4+ 
61.fxg4 b2 62.Rxb2 Rxe7 63.Rb5 Re6 64.Kg3 Ra6 65.Kh4 Rc6 66.Rb8 Ra6 67.g5 
Ra4+ 68.g4 Ra6 69.Rb5 Rc6 70.Rf5 Ra6 71.Rf6+ Rxf6 72.gxf6 Kxf6 73.Kh5 Kf7 
74.Kh6 Kg8 75.Kg6 Kh8 76.Kf7 Kh7 77.g5 Kh8 78.Kf6 Kh7 79.Kf7 Kh8 80.Kg6 
Kg8 81.Kh6 Kh8 82.g6 Kg8 83.g7 1-0

[Event "POL-chT3"]
[Site "Jastrzebia Gora POL"]
[Date "2016.09.11"]
[Round "9.60"]
[White "Gluszko, Monika"]
[Black "Gorczyca, Aleksandra"]
[Result "1/2-1/2"]
[WhiteElo "1923"]
[BlackElo "2106"]
[EventDate "2016.09.02"]

1.e4 d5 2.exd5 Qxd5 3.Nc3 Qd6 4.Bc4 Nf6 5.d3 g6 6.Qf3 Bg7 7.Nge2 c6 8.Ne4 
Qd8 9.Nxf6+ Bxf6 10.Bh6 Qa5+ 11.c3 Nd7 12.d4 Nb6 13.Bb3 Qf5 14.Nf4 Bd7 15.
h4 O-O-O 16.O-O-O e5 17.dxe5 Bxe5 18.Rhe1 Rhe8 19.Bc2 Qg4 20.Qxg4 Bxg4 21.
f3 Rxd1+ 22.Rxd1 Bd7 23.Bb3 Bxf4+ 24.Bxf4 Be6 25.Bxe6+ Rxe6 26.Bg5 f6 27.
Bh6 c5 28.b3 c4 29.Rd4 cxb3 30.axb3 Re2 31.g4 Rh2 32.g5 f5 33.Bf8 Rh3 34.
Be7 Rxf3 35.Rd8+ Kc7 36.Rh8 Rxc3+ 37.Kb2 Rh3 38.Rxh7 Nd7 39.h5 gxh5 40.g6 
Rg3 41.g7 f4 42.Bf8 f3 43.Rxh5 Nf6 44.Rf5 Ne8 45.Rxf3 Rg2+ 46.Kc3 Kc6 47.
Rf7 Rg3+ 48.Kc2 Rg2+ 49.Kc3 Rg3+ 50.Kb2 Rg2+ 51.Ka3 a6 52.b4 Rg3+ 53.Kb2 
b6 54.Re7 Nc7 55.Re3 Rg2+ 56.Kb3 a5 57.Rh3 Ne8 58.Rh6+ Kd5 59.b5 Rg3+ 60.
Kb2 Rg2+ 61.Kc3 Rg3+ 62.Kd2 Nxg7 63.Rxb6 Kc4 64.Rb8 Ne6 65.b6 Rd3+ 66.Kc2 
Rc3+ 67.Kb2 Rb3+ 68.Ka2 a4 69.b7 Kd5 1/2-1/2

[Event "POL-chT3"]
[Site "Jastrzebia Gora POL"]
[Date "2016.09.11"]
[Round "9.61"]
[White "Paprocki, Jaroslaw"]
[Black "Walter, Szymon"]
[Result "1-0"]
[WhiteElo "2195"]
[BlackElo "2261"]
[EventDate "2016.09.02"]

1.e4 c5 2.Nf3 d6 3.Bb5+ Nc6 4.O-O Bd7 5.Re1 a6 6.Bf1 Bg4 7.h3 Bh5 8.d3 e6 
9.Be3 Be7 10.Nc3 Nf6 11.g4 Bg6 12.Bg2 b5 13.Nd2 Qc7 14.f4 h6 15.Ne2 O-O-O 
16.c3 d5 17.f5 Bh7 18.fxe6 fxe6 19.Nf4 Qd6 20.Nb3 c4 21.exd5 Nxd5 22.Nxd5 
exd5 23.dxc4 bxc4 24.Bc5 Qc7 25.Bxe7 Nxe7 26.Nd4 Rd6 27.Qf3 Bg6 28.Qg3 Nc6
29.Rad1 Bd3 30.Nxc6 Qxc6 31.Kh2 Qc7 32.Re5 Rhd8 33.b4 R8d7 34.Rde1 Kb7 35.
a4 Qc6 36.a5 Qa4 37.Re7 Qc6 38.Re8 Qc7 39.Rg8 Rf6 40.Ree8 Qxg3+ 41.Kxg3 
Kc6 42.Rb8 Kd6 43.Rb6+ Kc7 44.Rxg7 Rxg7 45.Rxf6 d4 46.cxd4 Kd8 47.Kf2 c3 
48.Rc6 c2 49.Ke3 Bh7 50.Bf1 Re7+ 51.Kd2 Rd7 52.Rc4 Bg8 53.Rxc2 Rxd4+ 54.
Kc3 Rf4 55.Rd2+ Kc7 56.Bxa6 h5 57.gxh5 Rh4 58.Rg2 Rxh3+ 59.Bd3 Bd5 60.Rg7+
Kd6 61.Rg6+ 1-0

[Event "POL-chT3"]
[Site "Jastrzebia Gora POL"]
[Date "2016.09.11"]
[Round "9.62"]
[White "Dzierzak, Radoslaw"]
[Black "Zebracki, Tomasz"]
[Result "1/2-1/2"]
[WhiteElo "2204"]
[BlackElo "2196"]
[EventDate "2016.09.02"]

1.e4 e6 2.d4 d5 3.Nd2 dxe4 4.Nxe4 Nd7 5.Nf3 Ngf6 6.Bd3 Nxe4 7.Bxe4 Nf6 8.
Bd3 b6 9.Bb5+ Bd7 10.Qe2 Bxb5 11.Qxb5+ Qd7 12.a4 c6 13.Qe2 Bd6 14.O-O O-O 
15.Bg5 Nd5 16.c4 Nb4 17.Rad1 Qc7 18.Bd2 a5 19.Bxb4 Bxb4 20.Rc1 Rfe8 21.Qe4
h6 22.Ne5 Bd6 23.Nxc6 Bxh2+ 24.Kh1 Rac8 25.Ne5 Bxe5 26.dxe5 Red8 27.b3 Qc5
28.Qf4 Qa3 29.Qe3 Qc5 30.Qe2 Qa3 31.Qe3 Qc5 32.Qe2 Qe7 33.Qe3 Qc5 1/2-1/2